000 00664nas a2200217 4500
001 BR9212365
003 BR-BrBNA
005 20231205095228.0
007 ta
008 230509b bl.|||p| |||| 00| 00por d
040 _aBR-BrBNA
_bpor
_cBiblioteca Nacional de Agricultura
041 _a(Pt)
072 _aE10
100 1 _aLinhares, D.
245 1 _aConcordata: uma estrategia defensiva
650 _aInflacao
650 _aPolitica Economica
773 0 _tIndicadores Economicos - Fundacao de Economia e Estatistica (Brazil)
_xISSN 0103-3905
_g(Jan 1991), v. 18(4) p. 272-284
_wBR9212365
909 _a202311
_bLúcia
_c55
_dLúcia Elande
942 _2AGRIS
_n0
_cANA
999 _c149468
_d149468